The new Switzerland : (Record no. 99356)
[ view plain ]
| 000 -LEADER | |
|---|---|
| fixed length control field | 00797cam2a220019300 4500 |
| 005 - DATE AND TIME OF LATEST TRANSACTION | |
| control field | 20190819094431.0 |
| 008 - FIXED-LENGTH DATA ELEMENTS--GENERAL INFORMATION | |
| fixed length control field | 000306 |
| 010 ## - LIBRARY OF CONGRESS CONTROL NUMBER | |
| LC control number | 9630116 |
| 020 ## - INTERNATIONAL STANDARD BOOK NUMBER | |
| International Standard Book Number | 0930664167 |
| 035 ## - SYSTEM CONTROL NUMBER | |
| System control number | (Sirsi) a142366 |
| 050 #0 - LIBRARY OF CONGRESS CALL NUMBER | |
| Classification number | DQ208 |
| Item number | Bli 1996 |
| 100 1# - MAIN ENTRY--PERSONAL NAME | |
| Personal name | Blickpunkt, Schweiz. English |
| Linkage | A112388.1 |
| 245 10 - TITLE STATEMENT | |
| Title | The new Switzerland : |
| Remainder of title | problems and policies / |
| Statement of responsibility, etc. | edited by Rolf Kieser and Kurt R. Spillmann;with the assistance of Thomas Koppel. |
| 260 ## - PUBLICATION, DISTRIBUTION, ETC. | |
| Place of publication, distribution, etc. | California : |
| Name of publisher, distributor, etc. | Society for promotion of Science and Scholarship,Inc., |
| Date of publication, distribution, etc. | 1996. |
| 350 ## - PRICE (NR) (BK AM CF MU VM SE) [OBSOLETE] | |
| Price | 25 |
| 650 #0 - SUBJECT ADDED ENTRY--TOPICAL TERM | |
| Topical term or geographic name entry element | Switzerland -- History -- 20th century |
| General subdivision | Switzerland -- History -- 20th century |
| -- | Switzerland -- History -- 20th century |
| Linkage | S85402.1 |
| 700 00 - ADDED ENTRY--PERSONAL NAME | |
| Personal name | Keiser, Rolf |
| Linkage | A112391.1 |
| 700 00 - ADDED ENTRY--PERSONAL NAME | |
| Personal name | Spillmann, Kurt R. |
| Linkage | A112392.1 |
No items available.